<?xml version="1.0" encoding="UTF-8"?>
<marc:record xmlns:marc="http://www.loc.gov/MARC21/slim">
   <marc:leader>00000nam a2200000 a 4500</marc:leader>
   <marc:datafield ind1="1" ind2=" " tag="100">
      <marc:subfield code="a">Weninger, Brigitte</marc:subfield>
      <marc:subfield code="4">aut</marc:subfield>
      <marc:subfield code="e">Verfasser/-in</marc:subfield>
   </marc:datafield>
   <marc:datafield ind1="0" ind2="0" tag="245">
      <marc:subfield code="a">Das beste Bärenbett</marc:subfield>
   </marc:datafield>
   <marc:datafield ind1=" " ind2="1" tag="264">
      <marc:subfield code="b">aracari verlag</marc:subfield>
      <marc:subfield code="c">2011</marc:subfield>
   </marc:datafield>
   <marc:datafield ind1="1" ind2=" " tag="520">
      <marc:subfield code="a">Gibt es ein besseres Bett als das eigene? Bär ist verunsichert, nachdem Hase Hilda sich über seine Strohhaufen lustig gemacht hat. Er beschließt, loszuziehen und sich die Betten der anderen Tiere anzuschauen.Doch keines passt für ihn. Während einer weiteren schlaflosen Nacht hat er jedoch eine clevere Idee... </marc:subfield>
   </marc:datafield>
   <marc:datafield ind1=" " ind2=" " tag="020">
      <marc:subfield code="a">9783905945218</marc:subfield>
      <marc:subfield code="9">9783905945218</marc:subfield>
   </marc:datafield>
</marc:record>
